Let's get the issues out into the open (Record no. 117926)
[ view plain ]
| 000 -LEADER | |
|---|---|
| fixed length control field | 01536cam a2200265 4500 |
| 001 - CONTROL NUMBER | |
| control field | ABS68149 |
| 008 - FIXED-LENGTH DATA ELEMENTS--GENERAL INFORMATION | |
| fixed length control field | 040831n2004 000 0 eng u |
| 035 ## - SYSTEM CONTROL NUMBER | |
| System control number | (Sirsi) u127222 |
| 100 ## - MAIN ENTRY--PERSONAL NAME | |
| Personal name | Brown, S. |
| 245 ## - TITLE STATEMENT | |
| Title | Let's get the issues out into the open |
| 260 ## - PUBLICATION, DISTRIBUTION, ETC. | |
| Date of publication, distribution, etc. | 2004 |
| 490 ## - SERIES STATEMENT | |
| Series statement | Estates Gazette |
| Volume/sequential designation | (0431) 31 July 2004, 82-83(2) |
| 520 ## - SUMMARY, ETC. | |
| Summary, etc. | Explains what the importance placed by government on public places in its urban policy since 2000 means for the property industry. Outlines the emerging key issues, based on evidence from a survey of English local authorities and in-depth interviews. Public space needs to be further defined as a concept. Although local authorities are convinced of the value of public space and have accepted government guidance, the majority do not yet have a strategy in place to convert the guidance into workable local policies. Resource strapped local authorities are seeking private sector funding to help them provide public spaces including public-private partnerships with developers who are prepared to incorporate expensive public spaces into their urban regeneration designs. Concludes that the property industry should embrace public space as a high priority. Charts and references. |
| 590 ## - LOCAL NOTE (RLIN) | |
| Local note | ABS |
| 590 ## - LOCAL NOTE (RLIN) | |
| Local note | ABS |
| 650 ## - SUBJECT ADDED ENTRY--TOPICAL TERM | |
| Topical term or geographic name entry element | DEVELOPERS |
| 650 ## - SUBJECT ADDED ENTRY--TOPICAL TERM | |
| Topical term or geographic name entry element | URBAN RENAISSANCE |
| 650 ## - SUBJECT ADDED ENTRY--TOPICAL TERM | |
| Topical term or geographic name entry element | PUBLIC SPACE |
| 650 ## - SUBJECT ADDED ENTRY--TOPICAL TERM | |
| Topical term or geographic name entry element | URBAN REGENERATION |
| 650 ## - SUBJECT ADDED ENTRY--TOPICAL TERM | |
| Topical term or geographic name entry element | PUBLIC PRIVATE PARTNERSHIPS |
| 650 ## - SUBJECT ADDED ENTRY--TOPICAL TERM | |
| Topical term or geographic name entry element | PPG17 |
| 690 ## - LOCAL SUBJECT ADDED ENTRY--TOPICAL TERM (OCLC, RLIN) | |
| Topical term or geographic name as entry element | PLANNING-PRACTICE |
| 700 ## - ADDED ENTRY--PERSONAL NAME | |
| Personal name | Edwards, R. |
| 942 ## - ADDED ENTRY ELEMENTS (KOHA) | |
| Suppress in OPAC | 0 |
| Withdrawn status | Lost status | Source of classification or shelving scheme | Damaged status | Not for loan | Home library | Current library | Shelving location | Date acquired | Total Checkouts | Full call number | Barcode | Date last seen | Copy number | Price effective from | Koha item type |
|---|---|---|---|---|---|---|---|---|---|---|---|---|---|---|---|
| Dewey Decimal Classification | London | London | Journal article | 31/08/2004 | ABS68149 | 127222-1001 | 06/08/2019 | 1 | 06/08/2019 | Journal article |